| 000 | 00577nam a2200133Ia 4500 | ||
|---|---|---|---|
| 008 | 171212s9999 xx 000 0 und d | ||
| 020 | _a9780833037893 | ||
| 100 | _aOliker, Olga;Shlapak, David A. | ||
| 245 |
_cOliker, Olga;Shlapak, David A. _aU.S. Interests in Central Asia _bPolicy Priorities and Military Roles |
||
| 260 |
_bRAND Corporation _c2005 |
||
| 650 | _aAsia, Central -- Strategic aspects; United States -- Military policy; United States. Air Force -- Foreign service -- Asia, Central | ||
| 650 | _aPolitical Science | ||
| 856 | _uwww.jstor.org/stable/10.7249/mg338af | ||
| 999 |
_c352765 _d352765 |
||